000 00749nam a2200277 4500
003 OSt
005 20260601171009.0
008 260506b2003\\\\spa|||||\||||\00|\0\spa\d
020 _a9788495692634
040 _aICI
_bspa
_cICI
_erda
041 _aspa
050 _aNK2715 B84 2003
100 1 _aPatricia Bueno
_932769
245 1 _aEl Mueble de Diseño
264 _bAtrium Group Barcelona
_c2003
300 _a175 páginas
336 _atexto
_2rdacontent
337 _asin medio
_2rdamedia
338 _avolumen
_2rdacarrier
650 _aDiseño de muebles
650 _aMuebles
_vDiseño
_932771
650 _aMobiliario moderno
650 _aEstética del diseño
_932773
650 _aDiseño industrial
_915218
942 _2lcc
_cB
_n1
999 _c20415
_d20415